|
|
|
|
| LEADER |
00000nab a2200000 a 4500 |
| 001 |
vtls000895620 |
| 003 |
SK-MaSNL |
| 005 |
20260302175259.0 |
| 008 |
040720e19970905xo 0 slo |
| 035 |
|
|
|a KE4651
|
| 040 |
|
|
|a KEVKJB
|b slo
|c KEVKJB
|e AACR2
|
| 041 |
0 |
|
|a slo
|
| 044 |
|
|
|a xo
|c SK
|
| 100 |
1 |
|
|a Macko, Boris
|4 aut
|9 857682
|
| 245 |
1 |
0 |
|a Prípitok ústave
|
| 650 |
0 |
7 |
|a oslavy
|2 KEVKJB
|9 484766
|
| 650 |
0 |
7 |
|a Ústava Slovenskej republiky
|2 KEVKJB
|9 499021
|
| 650 |
0 |
7 |
|a výročie 5.
|2 KEVKJB
|9 885139
|
| 650 |
0 |
7 |
|a informácie
|2 KEVKJB
|9 1285
|
| 651 |
|
7 |
|a Košice (Slovensko)
|2 KEVKJB
|9 18694
|
| 651 |
|
7 |
|a KE,
|2 KEVKJB
|9 877256
|
| 651 |
|
7 |
|a KE,
|2 KEVKJB
|9 877256
|
| 655 |
|
7 |
|a periodikum
|2 snkbucl
|9 29553
|
| 773 |
0 |
8 |
|t Košický večer
|g Roč. 8
|g Roč. 29, č.172, 5.9.1997, s. 1
|
| 852 |
|
|
|a ZVYKNI
|b KIS3GCP
|
| 999 |
|
|
|c 1406548
|d 1408478
|